Kinh tế học vĩ mô /

Sách cung cấp những khái niệm cơ bản, những quy luật, công cụ phân tích quan trọng của nền kinh tế hiện đại...

Salvato in:
Dettagli Bibliografici
Natura: Libro
Lingua:Vietnamese
Pubblicazione: Hà Nội : Giáo dục, 2000.
Soggetti:
Tags: Aggiungi Tag
Nessun Tag, puoi essere il primo ad aggiungerne! !
Thư viện lưu trữ: Mạng thư viện Đại học Đà Nẵng
LEADER 00949cam a2200325 a 4500
001 000043555
003 1533
005 20060125161651.0
008 010306b2000 vm 000 vie
040 |a IRC  |c IRC  |d IRC 
041 0 |a vie 
082 1 4 |a 339  |b Ki-T 
245 0 0 |a Kinh tế học vĩ mô /  |c Vũ Đình Bách chủ biên. 
260 |a Hà Nội :  |b Giáo dục,  |c 2000. 
300 |a 231tr. ;  |c 20.5cm. 
520 3 |a Sách cung cấp những khái niệm cơ bản, những quy luật, công cụ phân tích quan trọng của nền kinh tế hiện đại... 
630 0 4 |a Kinh tế. 
630 0 4 |a Kinh tế vĩ mô. 
630 0 4 |a Giáo trình kinh tế. 
650 0 4 |a Kinh tế học vĩ mô. 
OWN |a DUT 
999 |a From the UDN01 
TYP |a Monograph 
TYP |a Printed language 
980 |a Mạng thư viện Đại học Đà Nẵng